| 000 | 00529nam a2200157I 4500 | ||
|---|---|---|---|
| 040 | _cDLC | ||
| 082 | _a634 SAE 1973 C279 Or. | ||
| 100 | 1 | _aSanguanruang, Saeng | |
| 245 | 1 | 0 |
_aDevelopment planning in Thailand; _bthe role of the university, |
| 260 |
_aSingapore, _bRegional Institute of Higher Education and Development, _c1973 |
||
| 300 |
_aiv, 98 p. _c30 cm |
||
| 650 | 0 | _aHigher education and state | |
| 650 | 0 | _aUniversities and colleges | |
| 710 | 2 | 1 | _aRegional Institute of Higher Education and Development |
| 942 | _cAEDBB | ||
| 999 |
_c22533 _d22533 |
||